Countries with Highest Population Under 15 - Statistics

General Stats
  • This quiz has been taken 38 times
  • The average score is 17 of 20
Answer Stats
% Total Country % Correct
17 233 mil China
97%
29 380 mil India
94%
44 80.2 mil Nigeria
94%
29 47.8 mil Bangladesh
92%
28 35.6 mil Mexico
92%
35 66.1 mil Pakistan
92%
19 61.1 mil United States
92%
23 21.1 mil Vietnam
92%
23 47.8 mil Brazil
86%
28 72.1 mil Indonesia
86%
24 19.0 mil Iran
86%
46 35.5 mil D.R. Congo
83%
33 30.2 mil Egypt
83%
32 32.2 mil Philippines
83%
41 40.8 mil Ethiopia
81%
26 20.5 mil Turkey
78%
17 24.5 mil Russia
75%
45 24.1 mil Tanzania
69%
42 19.3 mil Kenya
64%
48! 18.7 mil Uganda
42%
No matching quizzes found
Score Distribution
Percent of People with Each Score
Percentile by Number Answered
Your Score History
You have not taken this quiz